Logo CIB grande

CAMARAO GIGANTE DA MALASIA UM BOM NEGOCIO (Registro nro. 234003)

Detalles MARC
000 -LEADER
campo de control de longitud fija 00483nam a2200205Ia 4500
005 - FECHA Y HORA DE LA ÚLTIMA TRANSACCIÓN
campo de control 20250425162652.0
008 - DATOS DE LONGITUD FIJA--INFORMACIÓN GENERAL
campo de control de longitud fija 250425s9999 xx 000 0 und d
041 ## - CÓDIGO DE IDIOMA
Código de lengua del texto/banda sonora o título independiente por
043 ## - CÓDIGO DE ÁREA GEOGRÁFICA
Código de área geográfica bl
082 ## - NÚMERO DE LA CLASIFICACIÓN DECIMAL DEWEY
Número de clasificación 639.543
010 ## - NÚMERO DE CONTROL DE LA BIBLIOTECA DEL CONGRESO
Número de control de LC 95379
100 ## - ENTRADA PRINCIPAL--NOMBRE DE PERSONA
Nombre de persona INFANTE CAICEDO, MARCIO
245 #0 - MENCIÓN DEL TÍTULO
Título CAMARAO GIGANTE DA MALASIA UM BOM NEGOCIO
250 ## - MENCION DE EDICION
Mención de edición S.E
260 ## - PUBLICACIÓN, DISTRIBUCIÓN, ETC.
Lugar de publicación, distribución, etc. Brasil
Nombre del editor, distribuidor, etc. LIVRARIA NOBEL S.A.
Fecha de publicación, distribución, etc. 1986
260 ## - PUBLICACIÓN, DISTRIBUCIÓN, ETC.
Lugar de publicación, distribución, etc. SAO PAULO
300 ## - DESCRIPCIÓN FÍSICA
Extensión 120
650 ## - PUNTO DE ACCESO ADICIONAL DE MATERIA--TÉRMINO DE MATERIA
Término de materia o nombre geográfico como elemento de entrada CAMARONES
942 ## - ELEMENTOS DE ENTRADA SECUNDARIOS (KOHA)
Tipo de ítem Koha Libros
Existencias
Estatus retirado Estado de pérdida Estado de daño No para préstamo Biblioteca de origen Biblioteca actual Fecha de adquisición Coste, precio normal de compra Total de préstamos Código de barras Copia número
        CENTRO NACIONAL DE INVESTIGACIONES MARINAS CENTRO NACIONAL DE INVESTIGACIONES MARINAS 22/10/2015 20.00   D-81184 1

Copyright 2025 ESPOL. Todos los derechos reservados.